| 000 | 00828nam a2200217 a 4500 | ||
|---|---|---|---|
| 003 | 0 | ||
| 005 | 20250313094629.0 | ||
| 008 | 080723s19uu xx 00 eng d | ||
| 050 |
_aPGS BJ 1188 _b.K49 2008 |
||
| 100 | _aKim, Hui Woo (Sherry). | ||
| 245 |
_aThe association of values system to religious affiliations among Koreans in SISC / _cHui Woo Kim (Sherry). |
||
| 260 |
_aLas PiƱas City, Philippines : _bSouthville International School and Colleges, _c2008. |
||
| 300 |
_a20 pages : _billustrations ; _c28 cm. |
||
| 504 | _aIncludes bibliographical references. | ||
| 650 |
_aValues _vReligious aspects. |
||
| 650 |
_aMoral education _vReligious aspects. |
||
| 650 |
_aReligious affiliation _vSocial aspects. |
||
| 650 |
_aKoreans _vReligious life. |
||
| 650 |
_aReligion and culture _vKorea. |
||
| 942 |
_2lcc _cPASS |
||
| 999 |
_c97914 _d97914 |
||